| 000 | 00541nam a2200169Ia 4500 | ||
|---|---|---|---|
| 008 | 110201s9999 xx 000 0 und d | ||
| 082 |
_bB8161 _aS 1380 |
||
| 100 | _aनवलकर प्रमोद | ||
| 245 | _aसंध्याछाया | ||
| 260 | _bसामंत पब्लिकेशन्स | ||
| 365 | _b100 | ||
| 600 | _aनवलकर प्रमोद | ||
| 630 | _aसंध्याछाया | ||
| 700 | _aनवलकर प्रमोद | ||
| 730 | _aसंध्याछाया | ||
| 942 | _cBOOK | ||
| 999 |
_c833652 _d833649 |
||